[Event "Pinneberg-ch"]
[Site "Pinneberg"]
[Date "2016.10.13"]
[Round "7"]
[White "Schnelle, Rainer"]
[Black "Erdmann, Rainer"]
[Result "1/2-1/2"]
[WhiteElo "1743"]
[BlackElo "1716"]
[PlyCount "38"]
[EventDate "2016.09.01"]
[EventType "swiss"]
[EventRounds "7"]
[EventCountry "GER"]
[SourceTitle "EXT 2018"]
[Source "ChessBase"]
[SourceDate "2017.10.13"]
[SourceVersion "1"]
[SourceVersionDate "2017.10.13"]
[SourceQuality "1"]

1. e4 d5 2. exd5 Nf6 3. d4 Nxd5 4. c4 Nb6 5. Nc3 g6 6. Be3 Bg7 7. Rc1 0-0 8. b3 Nc6 9. Nge2 Bg4 10. Qd2 Re8 11. h3 Bc8 12. g3 e5 13. d5 Nd4 14. Bg2 Nf5 15. 0-0 Nxe3 16. Qxe3 Nd7 17. Rfd1 Bf8 18. Ne4 f5 19. N4c3 Bc5 1/2-1/2

[Event "Pinneberg-ch"]
[Site "Pinneberg"]
[Date "2016.09.29"]
[Round "5"]
[White "Erdmann, Rainer"]
[Black "Meyer, Winfried"]
[Result "1-0"]
[WhiteElo "1716"]
[BlackElo "1516"]
[PlyCount "122"]
[EventDate "2016.09.01"]
[EventType "swiss"]
[EventRounds "7"]
[EventCountry "GER"]
[SourceTitle "EXT 2018"]
[Source "ChessBase"]
[SourceDate "2017.10.13"]
[SourceVersion "1"]
[SourceVersionDate "2017.10.13"]
[SourceQuality "1"]

1. e4 d5 2. exd5 Qxd5 3. Nf3 Bg4 4. Be2 Nf6 5. Nc3 Qa5 6. 0-0 e6 7. d3 Bd6 8. Ne4 Nbd7 9. Nxd6+ cxd6 10. Re1 0-0 11. Bd2 Qc7 12. h3 Bxf3 13. Bxf3 Ne5 14. Be2 Rac8 15. Rc1 Rfd8 16. Bg5 Qb6 17. b3 h6 18. Be3 Qc7 19. d4 Ng6 20. c4 Qa5 21. a4 Ne4 22. Qc2 f5 23. g4 Nh4 24. gxf5 exf5 25. d5 Rf8 26. Kh2 Rf6 27. Rg1 Rcf8 28. f3 Nc5 29. Bf2 Ng6 30. Bd4 Qd8 31. Bxf6 Qxf6 32. Qc3 Qe7 33. Rc2 Rf6 34. Bd1 Kh7 35. Re2 Qd7 36. a5 Nf4 37. Ree1 Ncd3 38. Re3 Nf2 39. Qe1 N2xh3 40. Re7 Qd8 41. Rgxg7+ Kh8 42. Rd7 Qf8 43. Rge7 Rg6 44. Re8 Rg2+ 45. Kh1 Nf2+ 46. Qxf2 Qxe8 47. Qd4+ Qe5 48. Qxe5+ dxe5 49. b4 Rd2 50. Ba4 Rd3 51. Rxb7 Rxf3 52. Kg1 e4 53. d6 Ne2+ 54. Kh2 Rf2+ 55. Kh1 f4 56. d7 Ng3+ 57. Kg1 Rd2 58. Rb8+ Kg7 59. d8Q Ne2+ 60. Kf1 Ng3+ 61. Ke1 Re2+ 1-0

[Event "Pinneberg-ch"]
[Site "Pinneberg"]
[Date "2016.09.01"]
[Round "1"]
[White "Erdmann, Rainer"]
[Black "Ewert, Helmut"]
[Result "1-0"]
[WhiteElo "1716"]
[BlackElo "1300"]
[PlyCount "43"]
[EventDate "2016.09.01"]
[EventType "swiss"]
[EventRounds "7"]
[EventCountry "GER"]
[SourceTitle "EXT 2018"]
[Source "ChessBase"]
[SourceDate "2017.10.13"]
[SourceVersion "1"]
[SourceVersionDate "2017.10.13"]
[SourceQuality "1"]

1. b4 Nf6 2. Bb2 d6 3. c4 Nbd7 4. Nf3 e6 5. Nc3 b6 6. e3 Be7 7. Be2 Bb7 8. 0-0 c6 9. d4 a6 10. a4 d5 11. Qb3 0-0 12. b5 axb5 13. axb5 c5 14. Rxa8 Bxa8 15. Ra1 Bb7 16. Ne5 Qc7 17. Nxd7 Qxd7 18. dxc5 Bxc5 19. Na4 Ne4 20. f3 Nd2 21. Qc3 dxc4 22. Qxg7# 1-0

[Event "Pinneberg-ch"]
[Site "Pinneberg"]
[Date "2015.10.08"]
[Round "7"]
[White "Erdmann, Rainer"]
[Black "Behrensen Senfft, Joern"]
[Result "0-1"]
[WhiteElo "1696"]
[BlackElo "1609"]
[PlyCount "95"]
[EventDate "2015.08.28"]
[EventType "swiss"]
[EventRounds "7"]
[EventCountry "GER"]
[SourceTitle "EXT 2017"]
[Source "ChessBase"]
[SourceDate "2016.10.25"]
[SourceVersion "1"]
[SourceVersionDate "2016.10.25"]
[SourceQuality "1"]

1. e4 e6 2. d3 d5 3. Nd2 Nc6 4. g3 Nf6 5. Bg2 Bc5 6. Ngf3 dxe4 7. dxe4 e5 8. 0-0 0-0 9. Qe2 Re8 10. Nb3 Bb6 11. Bg5 h6 12. Rad1 Qe7 13. Bc1 Bg4 14. h3 Bh5 15. g4 Bg6 16. Ne1 Rad8 17. Rxd8 Rxd8 18. g5 Bh5 19. gxf6 Bxe2 20. fxe7 Nxe7 21. Nf3 Bxf1 22. Kxf1 Nc6 23. c3 a5 24. Nbd2 f6 25. h4 h5 26. Ke2 Kf7 27. Nc4 Ba7 28. Ne3 Ne7 29. Bh3 g6 30. Nc4 a4 31. Be3 Bxe3 32. Nxe3 c6 33. Nd2 b5 34. a3 g5 35. hxg5 fxg5 36. f3 Ng6 37. Ng2 Kf6 38. c4 b4 39. axb4 Rb8 40. Bd7 Ne7 41. b5 cxb5 42. Bxb5 Ng6 43. Kd1 Nf4 44. Ne3 h4 45. Ng4+ Ke6 46. Kc2 Ra8 47. Nb1 Ne2 48. Bc6 0-1

[Event "Pinneberg op Seniors 16th"]
[Site "Pinneberg"]
[Date "2015.08.06"]
[Round "6"]
[White "Erdmann, Rainer"]
[Black "Oelrichs, Manfred"]
[Result "1-0"]
[WhiteElo "1701"]
[BlackElo "1588"]
[PlyCount "103"]
[EventDate "2015.07.02"]
[EventType "swiss"]
[EventRounds "7"]
[EventCountry "GER"]
[SourceTitle "EXT 2017"]
[Source "ChessBase"]
[SourceDate "2016.10.25"]
[SourceVersion "1"]
[SourceVersionDate "2016.10.25"]
[SourceQuality "1"]

1. e4 g6 2. d4 Nf6 3. e5 Nh5 4. Be2 d6 5. exd6 Qxd6 6. Na3 a6 7. Nc4 Qd5 8. Ne3 Qd8 9. d5 Nf6 10. Bf3 c6 11. c4 Bg7 12. Ne2 cxd5 13. cxd5 0-0 14. 0-0 Nbd7 15. Nc3 Rb8 16. Qe2 b5 17. Rd1 Ne5 18. Ne4 Nxf3+ 19. Qxf3 Nxe4 20. Qxe4 Qc7 21. Rb1 f5 22. Qc2 Qd6 23. Qb3 f4 24. Nf1 Bf5 25. Ra1 Rbc8 26. Qf3 Be5 27. Nd2 Rc5 28. Ne4 Bxe4 29. Qxe4 Rd8 30. Rb1 Rxd5 31. Rxd5 Qxd5 32. Qxd5+ Rxd5 33. Kf1 f3 34. Bg5 Bxb2 35. Bxe7 fxg2+ 36. Kxg2 Bc3 37. Rb3 Bg7 38. Ra3 Kf7 39. Bb4 Rd4 40. Rf3+ Ke6 41. Bc3 Rg4+ 42. Kh3 Bxc3 43. Kxg4 b4 44. Rh3 h5+ 45. Kg5 Kf7 46. Rf3+ Kg7 47. Rd3 Bf6+ 48. Kf4 a5 49. Rd7+ Kh6 50. Rd6 Bg5+ 51. Ke4 a4 52. f4 1-0

[Event "Pinneberg op Seniors 16th"]
[Site "Pinneberg"]
[Date "2015.07.31"]
[Round "5"]
[White "Iwanow, Thomas"]
[Black "Erdmann, Rainer"]
[Result "1-0"]
[WhiteElo "1781"]
[BlackElo "1701"]
[PlyCount "83"]
[EventDate "2015.07.02"]
[EventType "swiss"]
[EventRounds "7"]
[EventCountry "GER"]
[SourceTitle "EXT 2017"]
[Source "ChessBase"]
[SourceDate "2016.10.25"]
[SourceVersion "1"]
[SourceVersionDate "2016.10.25"]
[SourceQuality "1"]

1. d4 Nf6 2. Nf3 c5 3. e3 e6 4. c4 b6 5. Bd3 Bb7 6. 0-0 Nc6 7. Nc3 Be7 8. dxc5 bxc5 9. b3 0-0 10. Bb2 a6 11. Rc1 Qc7 12. Qe2 Ng4 13. g3 f5 14. e4 Nge5 15. Nxe5 Nd4 16. Qe3 Qxe5 17. f4 Qd6 18. Rf2 Qc6 19. Re1 Rf7 20. Ne2 fxe4 21. Nxd4 cxd4 22. Qxe4 Qxe4 23. Bxe4 Bxe4 24. Rxe4 Bc5 25. Rd2 Raf8 26. Bxd4 Bb4 27. Rd1 g5 28. fxg5 Rf3 29. Re2 R8f5 30. Rf2 d6 31. Rxf3 Rxf3 32. Kg2 Rf5 33. h4 Ra5 34. a4 d5 35. Bb6 dxc4 36. Bxa5 Bxa5 37. bxc4 Bb4 38. Rd7 e5 39. Kf3 Be1 40. h5 Bb4 41. Ke4 Be1 42. c5 1-0

[Event "Pinneberg-ch"]
[Site "Pinneberg"]
[Date "2013.08.08"]
[Round "1"]
[White "Erdmann, Rainer"]
[Black "Weisshorn, Lasse"]
[Result "1-0"]
[WhiteElo "1757"]
[BlackElo "1277"]
[PlyCount "89"]
[EventDate "2013.08.08"]
[EventType "swiss"]
[EventRounds "7"]
[EventCountry "GER"]
[SourceTitle "EXT 2017"]
[Source "ChessBase"]
[SourceDate "2016.10.25"]
[SourceVersion "1"]
[SourceVersionDate "2016.10.25"]
[SourceQuality "1"]

1. e4 e5 2. Nf3 Nc6 3. Bb5 a6 4. Ba4 Nf6 5. 0-0 Be7 6. d4 b5 7. Bb3 exd4 8. e5 Ne4 9. Bd5 Nc5 10. Nxd4 Bb7 11. Qg4 Nxd4 12. Qxd4 Bxd5 13. Qxd5 0-0 14. Be3 Ne6 15. f4 f5 16. Rd1 Rf7 17. a4 b4 18. Nd2 c6 19. Qc4 Nc7 20. Bb6 Qb8 21. Bxc7 Qxc7 22. Nf3 Ra7 23. Ng5 Bxg5 24. fxg5 a5 25. Rd6 Qb6+ 26. Rd4 Kf8 27. Rad1 Re7 28. Kf1 Rb7 29. Re1 Rc7 30. Rd6 Rc8 31. e6 dxe6 32. Rdxe6 Rxe6 33. Rxe6 Qc7 34. Qc5+ Kf7 35. Qxf5+ Kg8 36. Qe5 Kf7 37. Rd6 Re8 38. Rf6+ gxf6 39. Qxc7+ Re7 40. Qxa5 fxg5 41. Qf5+ Ke8 42. Qxg5 Rf7+ 43. Ke2 Re7+ 44. Kd3 Rd7+ 45. Kc4 1-0